[Event "XLVI C.to Italiano a squadre Master"]
[Site "Condino ITA"]
[Date "2014.05.01"]
[Round "2"]
[White "Mocchi, Tullio"]
[Black "Stella, Andrea"]
[WhiteElo "2223"]
[BlackElo "2433"]
[Result "1/2-1/2"]
[PlyCount "77"]
[EventDate "2014.04.30"]

1. e4 e6 2. d4 d5 3. Nd2 Nc6 4. Ngf3 Nf6 5. e5 Nd7 6. Be2 f6 7. exf6 Qxf6 8.
Nf1 Bd6 9. Ne3 O-O 10. O-O Qg6 11. c4 Nf6 12. c5 Be7 13. Bb5 Bd7 14. b4 a5 15.
Bd3 Qe8 16. b5 Nb4 17. a4 Nxd3 18. Qxd3 Qh5 19. Ne5 Rad8 20. Ba3 Ne4 21. f3 Nf6
22. Qc3 Ra8 23. c6 Bxa3 24. Rxa3 bxc6 25. Nxd7 Nxd7 26. Qxc6 Nb6 27. Qxc7 Rab8
28. Qd6 Qh6 29. f4 Qf6 30. Rd3 Nxa4 31. Qa3 Nb6 32. Qxa5 Nc4 33. Nxc4 dxc4 34.
Rdd1 Qf5 35. Rb1 Qd3 36. Rbd1 Qf5 37. Rb1 Qd3 38. Rbd1 Qf5 39. Rb1 1/2-1/2

[Event "XLVI C.to Italiano a squadre Master"]
[Site "Condino ITA"]
[Date "2014.05.01"]
[Round "2"]
[White "Mollero, Michele"]
[Black "Qendro, Llambi"]
[WhiteElo "2233"]
[BlackElo "2338"]
[Result "0-1"]
[PlyCount "82"]
[EventDate "2014.04.30"]

1. d4 g6 2. g3 Bg7 3. Bg2 d6 4. Nf3 Nf6 5. O-O O-O 6. c4 Nbd7 7. Nc3 e5 8. h3
exd4 9. Nxd4 Re8 10. e4 Nc5 11. Re1 a5 12. Rb1 Nfd7 13. f4 Nb6 14. b3 f5 15.
Kh2 fxe4 16. Nxe4 Nxe4 17. Rxe4 Rxe4 18. Bxe4 Qe7 19. Qd3 a4 20. b4 Qf7 21. Nf3
Bf5 22. Bxf5 Qxf5 23. Qxf5 gxf5 24. c5 Nc4 25. cxd6 cxd6 26. Kg1 Re8 27. Kf2 b5
28. Nh4 Bd4+ 29. Kf1 Bc3 30. Nxf5 Re1+ 31. Kf2 Bd2 32. Bxd2 Rxb1 33. Bc3 Rc1
34. Bd4 Rc2+ 35. Kf3 Rxa2 36. Ke4 Re2+ 37. Kd3 Rd2+ 38. Kc3 a3 39. Kb3 h5 40.
Bc3 Rd3 41. Nd4 a2 0-1

[Event "XLVI C.to Italiano a squadre Master"]
[Site "Condino ITA"]
[Date "2014.05.01"]
[Round "2"]
[White "Palac, Mladen"]
[Black "Horvath, Jozsef"]
[WhiteElo "2569"]
[BlackElo "2505"]
[Result "1/2-1/2"]
[PlyCount "21"]
[EventDate "2014.04.30"]

1. e4 d6 2. d4 Nf6 3. Nc3 e5 4. Nf3 Nbd7 5. Bc4 Be7 6. O-O O-O 7. a4 a6 8. Qe2
exd4 9. Nxd4 Ne5 10. Bf4 Nxc4 11. Qxc4 1/2-1/2

[Event "XLVI C.to Italiano a squadre Master"]
[Site "Condino ITA"]
[Date "2014.05.01"]
[Round "2"]
[White "Paltrinieri, Nicholas"]
[Black "Ramondino, Renzo"]
[WhiteElo "2215"]
[BlackElo "2251"]
[Result "1-0"]
[PlyCount "75"]
[EventDate "2014.04.30"]

1. d4 Nf6 2. Bg5 Ne4 3. h4 c5 4. dxc5 Qa5+ 5. Nd2 Nc6 6. c3 Nxg5 7. Nb3 Qc7 8.
hxg5 a5 9. a4 b6 10. cxb6 Qxb6 11. e3 Rb8 12. Bb5 Ba6 13. c4 g6 14. Ne2 Bg7 15.
Nc3 Bxc3+ 16. bxc3 Rd8 17. Qg4 Bc8 18. Rd1 Kf8 19. Qf4 d6 20. c5 dxc5 21. Rxd8+
Nxd8 22. Qe5 Kg8 23. Qxe7 Ne6 24. O-O h6 25. gxh6 Rxh6 26. Qe8+ Kg7 27. Qxc8
Qd6 28. f4 Qd5 29. Nxa5 Qh5 30. Qb7 Qh2+ 31. Kf2 Rh3 32. Ke2 Rg3 33. Rf2 Qg1
34. Nb3 Nxf4+ 35. exf4 Rxc3 36. Nd2 Rc2 37. Qd5 Rc1 38. Rf1 1-0

[Event "XLVI C.to Italiano a squadre Master"]
[Site "Condino ITA"]
[Date "2014.05.01"]
[Round "2"]
[White "Rombaldoni, Axel"]
[Black "Caprio, Guido"]
[WhiteElo "2513"]
[BlackElo "2426"]
[Result "0-1"]
[PlyCount "76"]
[EventDate "2014.04.30"]

1. d4 d5 2. c4 e6 3. Nf3 Nf6 4. g3 dxc4 5. Bg2 a6 6. O-O Nc6 7. Nbd2 b5 8. Ne5
Nxe5 9. Bxa8 Qxd4 10. Ne4 Qxd1 11. Nxf6+ gxf6 12. Rxd1 Bc5 13. Kg2 Ke7 14. Bf4
Bd7 15. Be4 Ng4 16. Rf1 e5 17. Bd2 f5 18. Bc2 f4 19. f3 Ne3+ 20. Bxe3 Bxe3 21.
Rfd1 Bd4 22. Rab1 c5 23. g4 h5 24. h3 f5 25. Bxf5 Bxf5 26. gxf5 Kf6 27. h4 Kxf5
28. Rdc1 Rb8 29. Rc2 a5 30. Rd1 a4 31. Rb1 Ke6 32. Rbc1 Kd5 33. Kh3 Rg8 34. Kh2
Ke6 35. Rd1 Rg7 36. Rf1 Be3 37. Rd1 Rd7 38. Rxd7 Kxd7 0-1

[Event "XLVI C.to Italiano a squadre Master"]
[Site "Condino ITA"]
[Date "2014.05.01"]
[Round "2"]
[White "Salgado Lopez, Ivan"]
[Black "Lenic, Luka"]
[WhiteElo "2612"]
[BlackElo "2655"]
[Result "0-1"]
[PlyCount "87"]
[EventDate "2014.04.30"]

1. e4 c5 2. Nf3 Nc6 3. c3 d5 4. exd5 Qxd5 5. d4 Nf6 6. Be3 cxd4 7. cxd4 e6 8.
Nc3 Qd6 9. Bd3 Be7 10. O-O O-O 11. a3 b6 12. Qe2 Bb7 13. Rad1 Rad8 14. Rfe1 Nd5
15. Qc2 Nf6 16. h3 Rfe8 17. Bg5 h6 18. Be3 Qb8 19. Qe2 Bd6 20. Bb5 Rf8 21. Bc1
Ne7 22. Ne5 Nf5 23. Ng4 Be7 24. Be3 Nh4 25. d5 Nxd5 26. Nxd5 Rxd5 27. Rxd5 Bxd5
28. Nxh6+ gxh6 29. Bxh6 Ng6 30. Bxf8 Bxf8 31. Bc4 Qf4 32. Bxd5 exd5 33. g3 Qf5
34. Kg2 Bg7 35. b3 Bc3 36. Qe8+ Kg7 37. Re2 d4 38. Qc6 Qf6 39. Qxf6+ Kxf6 40.
Re8 Ne5 41. h4 Nd3 42. h5 Nb2 43. Rc8 Kg7 44. Rc7 0-1

[Event "XLVI C.to Italiano a squadre Master"]
[Site "Condino ITA"]
[Date "2014.05.01"]
[Round "2"]
[White "Sbarra, Marco"]
[Black "Astengo, Marcello"]
[WhiteElo "2250"]
[BlackElo "2063"]
[Result "0-1"]
[PlyCount "58"]
[EventDate "2014.04.30"]

1. c4 e6 2. g3 d5 3. Bg2 Nf6 4. Nf3 Be7 5. b3 O-O 6. O-O c6 7. Bb2 Nbd7 8. d4
b6 9. Nbd2 Bb7 10. Ne5 Nxe5 11. dxe5 Nd7 12. cxd5 cxd5 13. Nf3 Nc5 14. b4 Ne4
15. Qb3 Qd7 16. Rfd1 a5 17. Ne1 a4 18. Qe3 a3 19. Bd4 Bxb4 20. Rab1 Qa4 21. Nd3
Bd2 22. Rxd2 Nxd2 23. Re1 Nc4 24. Qg5 Qa5 25. f4 Nb2 26. Bxb2 axb2 27. f5 Qxe1+
28. Bf1 b1=Q 29. Nxe1 Qxf5 0-1

[Event "XLVI C.to Italiano a squadre Master"]
[Site "Condino ITA"]
[Date "2014.05.01"]
[Round "2"]
[White "Scalcione, Michelangelo"]
[Black "Malloni, Marcello"]
[WhiteElo "2325"]
[BlackElo "2350"]
[Result "0-1"]
[PlyCount "103"]
[EventDate "2014.04.30"]

1. Nf3 d5 2. d4 Nf6 3. c4 e6 4. Nc3 Bb4 5. Bg5 c5 6. cxd5 exd5 7. e3 Nbd7 8.
Bb5 Qa5 9. Bxd7+ Nxd7 10. O-O c4 11. Re1 O-O 12. Qc2 Nb6 13. Bf4 f6 14. h3 Be6
15. Bg3 Rfe8 16. a3 Bxc3 17. bxc3 Na4 18. Rac1 b5 19. Nd2 Qd8 20. f3 Qe7 21.
Ra1 Qd7 22. Kh2 Bf5 23. e4 Bg6 24. Qc1 dxe4 25. fxe4 Re7 26. e5 Rae8 27. Nf3
Qd5 28. Ra2 Nb6 29. Rae2 Bh5 30. Re3 Bxf3 31. Rxf3 Nd7 32. exf6 Rxe1 33. f7+
Qxf7 34. Bxe1 Qe6 35. Bg3 h6 36. Bf4 a6 37. Rg3 Kh7 38. Qd1 Rf8 39. d5 Qe4 40.
Qg4 Rf7 41. Be3 Nf6 42. Qxe4+ Nxe4 43. Rf3 Rxf3 44. gxf3 Nf6 45. d6 Kg6 46. Kg3
Kf5 47. Bd4 g6 48. h4 h5 49. Bc5 Nd7 50. Bd4 a5 51. Be3 Ke5 52. Bd4+ 0-1

[Event "XLVI C.to Italiano a squadre Master"]
[Site "Condino ITA"]
[Date "2014.05.01"]
[Round "2"]
[White "Shytaj, Luca"]
[Black "Codenotti, Marco"]
[WhiteElo "2453"]
[BlackElo "2362"]
[Result "0-1"]
[PlyCount "76"]
[EventDate "2014.04.30"]

1. e4 c5 2. Nc3 a6 3. f4 e6 4. Nf3 Nc6 5. g3 b5 6. Bg2 b4 7. Na4 Bb7 8. O-O Qc7
9. b3 Nf6 10. d3 Be7 11. Bb2 d5 12. Qe2 O-O 13. e5 Nd7 14. Rae1 Rae8 15. Bh3 d4
16. Bc1 Kh8 17. Nd2 f5 18. exf6 Nxf6 19. Bg2 Bd6 20. Ne4 Nxe4 21. Bxe4 g6 22.
Qg2 Na5 23. Re2 Bc8 24. a3 bxa3 25. Bxa3 Bd7 26. Bf3 c4 27. Bxd6 Qxd6 28. dxc4
Bxa4 29. bxa4 Nxc4 30. Rd1 Qc5 31. Qf2 e5 32. c3 Ne3 33. Rd3 Qc4 34. Be4 exf4
35. Rxd4 Qxc3 36. Rd3 Qc4 37. Rexe3 fxe3 38. Qb2+ Kg8 0-1

[Event "XLVI C.to Italiano a squadre Master"]
[Site "Condino ITA"]
[Date "2014.05.01"]
[Round "2"]
[White "Sibilio, Mario"]
[Black "Pulito, Alberto"]
[WhiteElo "2325"]
[BlackElo "2300"]
[Result "1-0"]
[PlyCount "81"]
[EventDate "2014.04.30"]

1. d4 e6 2. c4 f5 3. a3 Nf6 4. Nc3 Be7 5. Bg5 d6 6. Nf3 Nbd7 7. e3 O-O 8. Bd3
Ng4 9. Bxe7 Qxe7 10. h3 Nh6 11. Qc2 c6 12. Be2 e5 13. O-O-O e4 14. Ne1 Nf6 15.
d5 Nf7 16. Qd2 c5 17. f4 exf3 18. gxf3 Re8 19. Nc2 a6 20. Rhg1 Ne5 21. f4 Nf7
22. Bd3 Rb8 23. Qg2 g6 24. Rde1 Ne4 25. Bxe4 fxe4 26. h4 Qxh4 27. Nxe4 b5 28.
Rh1 Qe7 29. Nd2 bxc4 30. Nxc4 Qf6 31. Qh2 Re4 32. Qxh7+ Kf8 33. Ne5 dxe5 34.
fxe5 Rxe5 35. e4 Qg7 36. Qh2 Rxb2 37. Ref1 Rh5 38. Qc7 Bf5 39. Rxh5 Qc3 40. Qh2
Bxe4 41. Rh8+ 1-0

[Event "XLVI C.to Italiano a squadre Master"]
[Site "Condino ITA"]
[Date "2014.05.01"]
[Round "2"]
[White "Stromboli, Ettore"]
[Black "Mogranzini, Roberto"]
[WhiteElo "2304"]
[BlackElo "2499"]
[Result "1-0"]
[PlyCount "67"]
[EventDate "2014.04.30"]

1. e4 c5 2. Nf3 e6 3. d4 cxd4 4. Nxd4 a6 5. c4 Nf6 6. Nc3 Qc7 7. a3 b6 8. Be3
Bb7 9. f3 d6 10. Rc1 Nbd7 11. Be2 Rc8 12. O-O Be7 13. b4 O-O 14. Qe1 Rfe8 15.
Qf2 Qb8 16. Na4 d5 17. cxd5 exd5 18. Rxc8 Rxc8 19. Nf5 Bf8 20. Nxb6 Nxb6 21.
Bxb6 dxe4 22. fxe4 Qe5 23. Bd4 Qe6 24. Nh6+ Kh8 25. Nxf7+ Qxf7 26. e5 Rc2 27.
exf6 Kg8 28. fxg7 Qxf2+ 29. Rxf2 Bxg7 30. Bxg7 Kxg7 31. Bf3 Rc1+ 32. Rf1 Rc7
33. Bxb7 Rxb7 34. Rf5 1-0

[Event "XLVI C.to Italiano a squadre Master"]
[Site "Condino ITA"]
[Date "2014.05.01"]
[Round "2"]
[White "Valsecchi, Alessio"]
[Black "Cherin, Diego"]
[WhiteElo "2407"]
[BlackElo "2243"]
[Result "1-0"]
[PlyCount "97"]
[EventDate "2014.04.30"]

1. d4 f5 2. g3 Nf6 3. Bg2 d5 4. Nh3 e6 5. O-O Be7 6. Nf4 O-O 7. Nd2 c5 8. c4
dxc4 9. Nxc4 cxd4 10. Qb3 Na6 11. Rd1 Qc7 12. Nd3 Nc5 13. Nxc5 Qxc5 14. e3 d3
15. Rxd3 Bd7 16. Nd2 Rfd8 17. Nf3 Be8 18. Rd4 Bf7 19. Ng5 Nd5 20. Nxf7 Kxf7 21.
Bd2 Rac8 22. Bxd5 exd5 23. Bb4 Qc2 24. Bxe7 Qxb3 25. axb3 Kxe7 26. Rxa7 Rd7 27.
Rb4 Rcc7 28. Rb6 d4 29. exd4 Rxd4 30. Rbxb7 Rxb7 31. Rxb7+ Kf6 32. Rb6+ Kf7 33.
Kg2 Rd2 34. h4 Rxb2 35. Kf3 Rc2 36. Ke3 g6 37. Rd6 Rb2 38. Rd3 h6 39. f4 g5 40.
hxg5 hxg5 41. Kd4 Kg6 42. Kc3 Rb1 43. b4 Kh5 44. fxg5 Kxg5 45. Kc4 Kg4 46. b5
Rc1+ 47. Kb4 f4 48. gxf4 Kxf4 49. b6 1-0

[Event "XLVI C.to Italiano a squadre Master"]
[Site "Condino ITA"]
[Date "2014.05.01"]
[Round "3"]
[White "Antoniewski, Rafal"]
[Black "Vachier-Lagrave, Maxime"]
[WhiteElo "2540"]
[BlackElo "2758"]
[Result "1/2-1/2"]
[PlyCount "84"]
[EventDate "2014.04.30"]

1. e4 c5 2. Nf3 d6 3. Bb5+ Bd7 4. Bxd7+ Qxd7 5. O-O Nf6 6. e5 dxe5 7. Nxe5 Qc8
8. Qf3 e6 9. Nc3 Be7 10. d3 O-O 11. Bg5 Nd5 12. Bxe7 Nxe7 13. Ne4 Nbc6 14. Qh5
Nxe5 15. Qxe5 b6 16. f4 Nf5 17. Ng3 Nxg3 18. hxg3 Qc6 19. b3 Rad8 20. g4 Rd5
21. Qe4 Qd6 22. Rae1 Rd4 23. Qe5 Qxe5 24. Rxe5 Re8 25. g5 g6 26. g3 Kg7 27. Kg2
h6 28. gxh6+ Kxh6 29. a4 Kg7 30. Rh1 Rd5 31. Rhe1 Rdd8 32. Rh1 Rh8 33. Rxh8
Rxh8 34. a5 Kf6 35. Re4 b5 36. Re5 Rh5 37. Re4 Ke7 38. g4 Rd5 39. Kf3 a6 40.
Ke2 Rd8 41. f5 gxf5 42. gxf5 Rd6 1/2-1/2

[Event "XLVI C.to Italiano a squadre Master"]
[Site "Condino ITA"]
[Date "2014.05.01"]
[Round "3"]
[White "Arlandi, Ennio"]
[Black "Brunello, Sabino"]
[WhiteElo "2430"]
[BlackElo "2575"]
[Result "1/2-1/2"]
[PlyCount "31"]
[EventDate "2014.04.30"]

1. d4 d5 2. c4 c6 3. cxd5 cxd5 4. Nc3 Nf6 5. Bf4 Nc6 6. e3 Bg4 7. Qb3 Na5 8.
Bb5+ Bd7 9. Qa4 Nc6 10. Nf3 a6 11. Bxc6 Bxc6 12. Qb3 e6 13. Ne5 Nd7 14. O-O
Nxe5 15. Bxe5 Bd6 16. Bxd6 1/2-1/2

[Event "XLVI C.to Italiano a squadre Master"]
[Site "Condino ITA"]
[Date "2014.05.01"]
[Round "3"]
[White "Boscolo, Federico"]
[Black "Amato, Andrea"]
[WhiteElo "2285"]
[BlackElo "2345"]
[Result "1/2-1/2"]
[PlyCount "34"]
[EventDate "2014.04.30"]

1. e4 c5 2. Nf3 e6 3. c4 b6 4. Nc3 Bb7 5. d4 cxd4 6. Nxd4 d6 7. Be2 a6 8. O-O
Nd7 9. Be3 Ngf6 10. f3 Qc7 11. Rc1 Rc8 12. Qd2 Qb8 13. Rfd1 Be7 14. b3 Bd8 15.
Bf1 Bc7 16. g3 O-O 17. Bg2 Rfe8 1/2-1/2

[Event "XLVI C.to Italiano a squadre Master"]
[Site "Condino ITA"]
[Date "2014.05.01"]
[Round "3"]
[White "Bruno, Fabio"]
[Black "Vocaturo, Daniele"]
[WhiteElo "2413"]
[BlackElo "2579"]
[Result "1/2-1/2"]
[PlyCount "144"]
[EventDate "2014.04.30"]

1. d4 Nf6 2. c4 g6 3. Nc3 Bg7 4. e4 d6 5. Nf3 O-O 6. Be2 e5 7. O-O Nc6 8. d5
Ne7 9. b4 Ne8 10. Nd2 f5 11. c5 Nf6 12. f3 f4 13. Nc4 g5 14. Ba3 Ng6 15. b5
dxc5 16. Bxc5 Rf7 17. Qb3 g4 18. d6 gxf3 19. Bxf3 Be6 20. Qb4 b6 21. Bf2 Bf8
22. Rfe1 cxd6 23. Nd5 Ng4 24. Qd2 Nxf2 25. Qxf2 Rc8 26. Rac1 Rc5 27. Nd2 Nh4
28. Rxc5 dxc5 29. Nc4 Bg7 30. a4 Rd7 31. Rd1 Nxf3+ 32. Qxf3 Qg5 33. h3 Kh8 34.
Rd3 Bf7 35. Qd1 Bh5 36. Qd2 Bg6 37. Nxf4 Rxd3 38. Nxg6+ Qxg6 39. Qxd3 h5 40. g3
Qg5 41. Kg2 Qc1 42. h4 Qa1 43. Qe2 Qxa4 44. Qxh5+ Kg8 45. Nd6 Qa2+ 46. Kh3 Qe6+
47. Nf5 Bf8 48. Qg4+ Kh8 49. Ne3 Qe8 50. Qe2 Qd7+ 51. Nf5 Qf7 52. Ne3 Bh6 53.
Nf5 Bf8 54. g4 c4 55. Qb2 Qc7 56. Qc3 Qc5 57. g5 Qxb5 58. Kg4 Qc5 59. h5 Qg1+
60. Ng3 Qd1+ 61. Kh3 Qd7+ 62. Kg2 Qd4 63. Qf3 Qd2+ 64. Kh3 Qf4 65. Qc3 Qxg5 66.
Qxc4 Bc5 67. Qf7 Qe7 68. Qg6 Qd7+ 69. Nf5 Qd3+ 70. Ng3 Qd7+ 71. Nf5 Qd3+ 72.
Ng3 Qd7+ 1/2-1/2

[Event "XLVI C.to Italiano a squadre Master"]
[Site "Condino ITA"]
[Date "2014.05.01"]
[Round "3"]
[White "D'Amore, Carlo"]
[Black "Malloni, Marcello"]
[WhiteElo "2493"]
[BlackElo "2350"]
[Result "1-0"]
[PlyCount "69"]
[EventDate "2014.04.30"]

1. Nf3 d5 2. g3 c6 3. Bg2 Bg4 4. d3 Nf6 5. Nbd2 Nbd7 6. h3 Bxf3 7. Nxf3 e5 8.
O-O Bc5 9. e3 O-O 10. a3 Re8 11. b4 Bd6 12. Rb1 Nf8 13. c4 Ng6 14. Qc2 Qd7 15.
e4 h6 16. Nd2 Bf8 17. Qb3 Rad8 18. exd5 cxd5 19. cxd5 Nxd5 20. Ne4 b6 21. Bxh6
gxh6 22. Qxd5 Bg7 23. Nc3 Ne7 24. Qb3 Qxd3 25. Rfd1 Qf5 26. Nb5 Nc8 27. Nc7 Rf8
28. Nd5 Qe6 29. Rbc1 Rd7 30. Kh2 Kh8 31. Qa4 Rfd8 32. Rc6 Qe8 33. Qc2 Nd6 34.
Ne3 Qe6 35. h4 1-0

[Event "XLVI C.to Italiano a squadre Master"]
[Site "Condino ITA"]
[Date "2014.05.01"]
[Round "3"]
[White "De Eccher, Stefano"]
[Black "Rossi, Carlo"]
[WhiteElo "2243"]
[BlackElo "2282"]
[Result "0-1"]
[PlyCount "124"]
[EventDate "2014.04.30"]

1. e4 c6 2. d4 d5 3. Nc3 g6 4. f3 Bg7 5. Be3 Nf6 6. Nge2 dxe4 7. fxe4 Qa5 8.
Qd3 Na6 9. a3 O-O 10. O-O-O b5 11. Bd2 b4 12. Na2 c5 13. Kb1 Qa4 14. axb4 Nxb4
15. Nxb4 cxb4 16. Ng3 Rb8 17. Qb3 Qd7 18. Bc4 a5 19. e5 a4 20. Qd3 Nd5 21. Ne4
b3 22. Rhe1 bxc2+ 23. Qxc2 a3 24. b3 a2+ 25. Ka1 Qc6 26. Rc1 Bf5 27. Bd3 Qb6
28. Nc5 Nb4 29. Bxb4 Qxb4 30. Bxf5 gxf5 31. Qc4 Rfd8 32. Na6 Qxc4 33. Rxc4 Rxb3
34. Kxa2 Rd3 35. Nb4 R3xd4 36. Rxd4 Rxd4 37. Nc6 Rd2+ 38. Kb3 e6 39. Ra1 Bf8
40. Ra7 Rxg2 41. Nd8 f4 42. Rxf7 Rd2 43. Rxf8+ Kxf8 44. Nxe6+ Ke7 45. Nxf4 Rxh2
46. Kc3 Rh4 47. Nd3 Ke6 48. Kd2 Kf5 49. Ke3 h5 50. Kf3 Rd4 51. Ke3 Re4+ 52. Kf3
h4 53. Kg2 Re3 54. Nf2 Rxe5 55. Nh3 Re3 56. Nf2 Ra3 57. Nh3 Rg3+ 58. Kh2 Kg4
59. Nf2+ Kf3 60. Nh3 Rg2+ 61. Kh1 Kg3 62. Ng5 Re2 0-1

[Event "XLVI C.to Italiano a squadre Master"]
[Site "Condino ITA"]
[Date "2014.05.01"]
[Round "3"]
[White "De Filomeno, Simone"]
[Black "Collutiis, Duilio"]
[WhiteElo "2430"]
[BlackElo "2462"]
[Result "1-0"]
[PlyCount "115"]
[EventDate "2014.04.30"]

1. d4 d5 2. c4 c6 3. Nc3 dxc4 4. e3 b5 5. a4 b4 6. Ne4 Qd5 7. Nd2 c3 8. bxc3
bxc3 9. Nb1 Qa5 10. Qb3 Na6 11. Qxc3 Nb4 12. Bd2 e6 13. f3 Nf6 14. e4 Be7 15.
Bc4 O-O 16. Ne2 Ba6 17. O-O Rfc8 18. Na3 c5 19. Nb5 cxd4 20. Nexd4 Qb6 21. Kh1
Bb7 22. Qb3 a5 23. Rac1 Kh8 24. Be3 Bc5 25. Bg1 Rd8 26. Rfd1 Ba6 27. e5 Nd7 28.
f4 Nf8 29. Nd6 Rd7 30. Bxa6 Nxa6 31. Qxb6 Bxb6 32. Nxe6 Nxe6 33. Bxb6 Nxf4 34.
Bxa5 Ne6 35. Bb6 Kg8 36. a5 h6 37. Rc4 Nf8 38. Kg1 Ng6 39. Re4 Nc7 40. Rc1 Ne6
41. Rc8+ Rxc8 42. Nxc8 Rd1+ 43. Kf2 Ra1 44. g3 Kf8 45. h4 Ke8 46. h5 Ngf8 47.
Nd6+ Ke7 48. Rc4 f6 49. Nf5+ Kf7 50. exf6 Kxf6 51. Nd4 Ra2+ 52. Rc2 Ra4 53.
Nxe6 Nxe6 54. Rc8 Ke5 55. Ke3 Kd5 56. Kd3 Kd6 57. Kc3 Kd7 58. Rc4 1-0

[Event "XLVI C.to Italiano a squadre Master"]
[Site "Condino ITA"]
[Date "2014.05.01"]
[Round "3"]
[White "Dvirnyy, Danyyil"]
[Black "Piscopo, Pierluigi"]
[WhiteElo "2560"]
[BlackElo "2409"]
[Result "1-0"]
[PlyCount "129"]
[EventDate "2014.04.30"]

1. c4 e6 2. g3 d5 3. Bg2 Nf6 4. Nf3 c5 5. d4 Nc6 6. O-O Be7 7. cxd5 exd5 8. Nc3
O-O 9. dxc5 Bxc5 10. Bg5 d4 11. Bxf6 Qxf6 12. Nd5 Qd8 13. Nf4 Re8 14. Rc1 Bb6
15. Nd2 Bg4 16. Bf3 Bxf3 17. Nxf3 Qd7 18. Qb3 Rad8 19. Rc2 h6 20. Qb5 Re4 21.
a4 Rxf4 22. gxf4 Qh3 23. a5 Rd6 24. f5 d3 25. Rd2 Bc7 26. Rxd3 Rd4 27. Ne5 Qxf5
28. f4 Rxf4 29. Rxf4 Qxf4 30. Nf3 Nxa5 31. Qe8+ Kh7 32. Rd7 Bb6+ 33. Kh1 Nc4
34. Qxf7 Qxf7 35. Rxf7 Nxb2 36. Nd2 Be3 37. Rxb7 Bxd2 38. Rxb2 Be3 39. Kg2 Kg6
40. Kf3 Bd4 41. Rb4 Be5 42. h3 a5 43. Rb6+ Kf7 44. Ke4 Bc3 45. Kd5 h5 46. e4
Bb4 47. e5 g5 48. Ra6 g4 49. hxg4 hxg4 50. Rf6+ Ke7 51. Rg6 Kd7 52. Rxg4 Be7
53. Rc4 Bb4 54. Rc6 Be1 55. Rd6+ Ke7 56. Ra6 Bc3 57. Ra7+ Kd8 58. Kd6 Bb4+ 59.
Ke6 Bc3 60. Rd7+ Kc8 61. Rd3 Bb4 62. Rd7 Bc5 63. Rd5 Bb4 64. Kf7 Kc7 65. e6 1-0

[Event "XLVI C.to Italiano a squadre Master"]
[Site "Condino ITA"]
[Date "2014.05.01"]
[Round "3"]
[White "Erdos, Viktor"]
[Black "David, Alberto"]
[WhiteElo "2651"]
[BlackElo "2579"]
[Result "1-0"]
[PlyCount "77"]
[EventDate "2014.04.30"]

1. d4 Nf6 2. c4 e6 3. Nc3 Bb4 4. Qc2 O-O 5. a3 Bxc3+ 6. Qxc3 b6 7. Bg5 Bb7 8.
e3 d6 9. Ne2 Nbd7 10. Qc2 c5 11. Rd1 Rc8 12. Nc3 cxd4 13. Rxd4 Rc5 14. Bh4 Qa8
15. f3 d5 16. Qd1 Qc8 17. Be2 dxc4 18. O-O b5 19. Qd2 Rh5 20. Rd1 e5 21. Rxd7
Nxd7 22. Be7 Bc6 23. Bxf8 Qxf8 24. Na2 Rh6 25. Qa5 g5 26. Qxa7 Rd6 27. Qc7
Rxd1+ 28. Bxd1 Qc5 29. Qd8+ Nf8 30. Qxg5+ Ng6 31. Qd8+ Kg7 32. Kf2 e4 33. Qd4+
Ne5 34. Qxc5 Nd3+ 35. Ke2 Nxc5 36. Kd2 Nd3 37. Nb4 Bb7 38. Nxd3 exd3 39. Kc3
1-0

[Event "XLVI C.to Italiano a squadre Master"]
[Site "Condino ITA"]
[Date "2014.05.01"]
[Round "3"]
[White "Ferro, Mario"]
[Black "Lantini, Marco"]
[WhiteElo "2234"]
[BlackElo "2112"]
[Result "1/2-1/2"]
[PlyCount "33"]
[EventDate "2014.04.30"]

1. d4 d5 2. Nf3 Nf6 3. c4 e6 4. Nc3 Nbd7 5. e3 Be7 6. Be2 O-O 7. O-O dxc4 8.
Bxc4 a6 9. b3 b5 10. Be2 c5 11. Bb2 Bb7 12. Qd2 cxd4 13. Qxd4 Qb6 14. Rfd1 Rac8
15. Rac1 Qxd4 16. Nxd4 Rc7 17. Ne4 1/2-1/2

[Event "XLVI C.to Italiano a squadre Master"]
[Site "Condino ITA"]
[Date "2014.05.01"]
[Round "3"]
[White "Gajewski, Grzegorz"]
[Black "Salgado Lopez, Ivan"]
[WhiteElo "2631"]
[BlackElo "2612"]
[Result "1/2-1/2"]
[PlyCount "123"]
[EventDate "2014.04.30"]

1. d4 Nf6 2. c4 g6 3. g3 Bg7 4. Bg2 d5 5. cxd5 Nxd5 6. Nf3 Nb6 7. Nc3 Nc6 8. e3
O-O 9. O-O Re8 10. Re1 a5 11. Nh4 g5 12. Nf3 h6 13. a3 a4 14. d5 Na5 15. Nxa4
Nxd5 16. Qc2 Bg4 17. h4 Bxf3 18. Bxf3 gxh4 19. e4 Nb6 20. e5 hxg3 21. Bxh6 Qd4
22. Bxg7 Qxa4 23. Qxa4 Nxa4 24. Bh6 Nxb2 25. Re4 Ra6 26. Rg4+ Rg6 27. e6 gxf2+
28. Kxf2 Nd3+ 29. Ke2 Ne5 30. Rf1 Rxg4 31. Bxg4 fxe6 32. Bxe6+ Kh7 33. Bf4 Nac6
34. Ke3 Ra8 35. Ke4 Ng6 36. Bc1 Ra4+ 37. Kd5 Ra5+ 38. Kc4 Nge5+ 39. Kc3 Rc5+
40. Kd2 Nd4 41. Ba2 Rc2+ 42. Ke3 Rxa2 43. Kxd4 Nc6+ 44. Kd5 Re2 45. Bf4 e6+ 46.
Kc4 e5 47. Bc1 Kg6 48. Kd5 Nd4 49. a4 b6 50. Rg1+ Kf7 51. Rf1+ Ke8 52. Bg5 Kd7
53. Rf7+ Kc8 54. Bf6 Nf3 55. Bg7 e4 56. Bh6 Kb7 57. Bf4 Rc2 58. Kxe4 Ne1 59.
Kd4 Rc6 60. Rxc7+ Rxc7 61. Bxc7 Kxc7 62. a5 1/2-1/2

[Event "XLVI C.to Italiano a squadre Master"]
[Site "Condino ITA"]
[Date "2014.05.01"]
[Round "3"]
[White "Garcia Palermo, Carlos Horacio"]
[Black "Caprio, Guido"]
[WhiteElo "2455"]
[BlackElo "2426"]
[Result "1/2-1/2"]
[PlyCount "86"]
[EventDate "2014.04.30"]

1. d4 d5 2. c4 e6 3. Nc3 Nf6 4. Bg5 Nbd7 5. e3 Be7 6. Rc1 O-O 7. Nf3 h6 8. Bh4
c6 9. Qc2 a6 10. cxd5 exd5 11. Bd3 Re8 12. O-O Ne4 13. Bxe7 Qxe7 14. Rfe1 Ndf6
15. Ne5 Bf5 16. Na4 Bh7 17. f3 Nd6 18. Bxh7+ Nxh7 19. Nc5 Nf8 20. a4 a5 21. Qc3
Ne6 22. Nxe6 Qxe6 23. Nd3 Qg6 24. b3 Re7 25. Ne5 Qe6 26. e4 Ree8 27. exd5 Qxd5
28. Nc4 Nxc4 29. bxc4 Qd6 30. Rcd1 Rxe1+ 31. Rxe1 Qb4 32. Qxb4 axb4 33. Ra1 b3
34. Kf2 b2 35. Rb1 Rxa4 36. Rxb2 Rxc4 37. Ke3 b5 38. d5 cxd5 39. Rxb5 Rc2 40.
g4 Rc3+ 41. Ke2 Rc2+ 42. Ke3 Rc3+ 43. Ke2 Rc2+ 1/2-1/2

[Event "XLVI C.to Italiano a squadre Master"]
[Site "Condino ITA"]
[Date "2014.05.01"]
[Round "3"]
[White "Godena, Michele"]
[Black "Shytaj, Luca"]
[WhiteElo "2528"]
[BlackElo "2453"]
[Result "1/2-1/2"]
[PlyCount "42"]
[EventDate "2014.04.30"]

1. e4 c5 2. Nf3 d6 3. Bc4 Nc6 4. d3 Nf6 5. c3 e6 6. Bb3 Be7 7. O-O O-O 8. Re1
Na5 9. Bc2 e5 10. Nbd2 Ne8 11. d4 cxd4 12. cxd4 Nc6 13. Nc4 Bg4 14. dxe5 Bxf3
15. Qxf3 dxe5 16. Be3 b5 17. Red1 Qc7 18. Nd2 Rd8 19. Bb3 Nd4 20. Bxd4 Rxd4 21.
Qc3 Qb6 1/2-1/2

[Event "XLVI C.to Italiano a squadre Master"]
[Site "Condino ITA"]
[Date "2014.05.01"]
[Round "3"]
[White "Horvath, Csaba"]
[Black "Palac, Mladen"]
[WhiteElo "2557"]
[BlackElo "2569"]
[Result "1/2-1/2"]
[PlyCount "29"]
[EventDate "2014.04.30"]

1. d4 Nf6 2. c4 e6 3. Nf3 d5 4. g3 Bb4+ 5. Bd2 Be7 6. Bg2 c6 7. Qc2 Nbd7 8. O-O
O-O 9. Bf4 b6 10. Rd1 Bb7 11. Nc3 dxc4 12. Nd2 Nd5 13. Nxc4 Nxf4 14. gxf4 Qc7
15. e3 1/2-1/2

[Event "XLVI C.to Italiano a squadre Master"]
[Site "Condino ITA"]
[Date "2014.05.01"]
[Round "3"]
[White "Iordachescu, Viorel"]
[Black "Georgiev, Vladimir"]
[WhiteElo "2601"]
[BlackElo "2553"]
[Result "1/2-1/2"]
[PlyCount "81"]
[EventDate "2014.04.30"]

1. c4 e5 2. g3 c5 3. Bg2 Nc6 4. Nc3 g6 5. a3 Bg7 6. b4 d6 7. Rb1 Nge7 8. b5 Na5
9. d3 h6 10. e4 O-O 11. Nge2 f5 12. exf5 Bxf5 13. O-O Kh7 14. Nd5 Nxd5 15. Bxd5
Nxc4 16. Bxc4 d5 17. Ba2 Bg4 18. h3 Bf3 19. Qd2 Rf5 20. Kh2 Rh5 21. Ng1 Qd7 22.
Bb3 Bg4 23. Bd1 Bxh3 24. Bxh5 Bxf1 25. Bxg6+ Kxg6 26. Bb2 Bxd3 27. Qxd3+ Qf5
28. Qxf5+ Kxf5 29. Nf3 d4 30. Nd2 Ke6 31. f3 Kd5 32. Rc1 h5 33. Ne4 c4 34. Kg2
a6 35. b6 a5 36. Rb1 Ra6 37. Ba1 Kc6 38. Rc1 Kd5 39. Rb1 Kc6 40. Rc1 Kd5 41.
Rb1 1/2-1/2